000 01998cam a22004934i 4500
003 PE-LiUPU
005 20250731172952.0
008 150623s r 000 0 d
020 _a9122014772
035 _a(Sirsi) i9789122014775
040 _aPE-LiUPU
_bspa
_cPE-LiUPU
_erda
049 _aPRUA
082 0 4 _a221
_bV61
_221
100 1 _aViberg, Ake,
_eautor.
245 1 0 _aSymbols of law :
_ba contextual analysis of legal symbolic acts in the Old Testament /
_cAke Viberg.
264 1 _aStockholm, Sweden :
_bAlmqvist & Wiksell International,
_c1992.
300 _a206 páginas ;
_c22 centímetros
336 _atext
_2rdacontent
337 _aunmediated
_2rdamedia
338 _avolume
_2rdacarrier
490 0 _aConiectanea Biblica. Old Testament Series ;
_v34
504 _aIncluye bibliografía.
505 0 _aAnalysis of legal symbolic acts: Raising the hand. -Shakink the hand. -Putting the hand under the thigh. -Walking through a divided animal. -Sharing a meal. -Piercing the ear of the slave. -Anointting the head with oil. -Grasping the horns of the altar. -Transferring the mantle. -Covering a woman with the mantle. -Removing the sandal. -Putting a child on the knees.
526 _aSEG42
526 _aSEG41
526 _aSEG40
526 _aSEG39
526 _aP94
526 _aP87
526 _aP86
526 _aP85
526 _aP77
526 _aP76
526 _aP35
630 _aBiblia.
_pA.T.
_xCrítica, interpretación, etc.
630 _aSimbolismo en la ley.
650 0 4 _aLey judía
_xInterpretación y construcción.
942 _2ddc
_cBOOK
949 _a221 V61
_wDEWEY
_c1
_i45000
_lCCODEBUL1
_mBUL
_r0
_sY
_tBOOK
_u2015-6-24
_xTEOLOGIA
_PP35
_0COMPRA
_o.STAFF. Colección General
994 _aC0
_bPEPRU
596 _a1
999 _a221 V61
_wDEWEY
_c21878
_i45000
_f2021-11-30
_g5
_lCCODEBUL1
_mBUL
_r0
_sY
_tBOOK
_u2015-6-24
_xTEOLOGIA
_PP35
_0COMPRA
_o.STAFF. Colección General
_d21878
980 _81
_gALBERTO SANCHEZ Responsable de Automatización